Mười giá trị văn hoá tiêu biểu Thăng Long - Hà Nội Làng nghề, phố nghề

Giới thiệu về những phố nghề, làng nghề trên địa bàn Hà Nội cùng những nghệ nhân nghề, sản phẩm nghề tiêu biểu

Na minha lista:
Detalhes bibliográficos
Outros Autores: Nguyễn Viết Chúc
Idioma:Undetermined
Publicado em: Hà Nội Nxb. Hà Nội 2019
Assuntos:
Tags: Adicionar Tag
Sem tags, seja o primeiro a adicionar uma tag!
Thư viện lưu trữ: Trung tâm Học liệu Trường Đại học Trà Vinh
LEADER 00906nam a2200265Ia 4500
001 TVU_33713
008 210423s9999 xx 000 0 und d
020 |a 9786045547588 
041 |a Vie 
082 |a 680.0959731 
082 |b Ch552 
245 0 |a Mười giá trị văn hoá tiêu biểu Thăng Long - Hà Nội 
245 0 |b Làng nghề, phố nghề 
245 0 |c Nguyễn Viết Chúc (chủ biên) ... [và những người khác] 
260 |a Hà Nội 
260 |b Nxb. Hà Nội 
260 |c 2019 
300 |a 88 tr. 
300 |b ảnh 
300 |c 24 cm 
520 |a Giới thiệu về những phố nghề, làng nghề trên địa bàn Hà Nội cùng những nghệ nhân nghề, sản phẩm nghề tiêu biểu 
650 |a Làng nghề; Phố nghề 
700 |a Nguyễn Viết Chúc  
700 |e chủ biên 
980 |a Trung tâm Học liệu Trường Đại học Trà Vinh